| 000 | 01285nam a2200337 a 4500 | ||
|---|---|---|---|
| 999 |
_c7703 _d7703 |
||
| 001 | 991048896989706706 | ||
| 003 | OSt | ||
| 005 | 20230405113456.0 | ||
| 008 | 070614s2007 spc|||||| 000 ||cat | ||
| 015 |
_aLL2007 _2bnc |
||
| 017 |
_aDL B. 23075-2022 _bBiblioteca de Catalunya |
||
| 035 | _a(ES-BaCBU).b37546296 | ||
| 040 |
_aES-BaBC _bcat _cCDMR |
||
| 041 | 0 |
_acat _aspa |
|
| 043 |
_ae-sp--- _be-spc-- _2catmarc _ae------ |
||
| 080 | _a327:316.65(4-6:467.1)(079.3) | ||
| 080 | _a316.65:327(4-6:467.1)(079.3) | ||
| 245 | 0 | 0 |
_aLlibert Ferri : _bPremi "Ernest Udina a la trajectòria europeista" : XVII edició, 2022 _c/ [coordinació i edició a càrrec d'Ariadna Trillas] |
| 260 |
_a[Barcelona : _bAssociació de Periodistes Europeus de Catalunya], _c2022 |
||
| 300 |
_a51 p. ; _c20 x 20 cm |
||
| 546 | _aTextos en català i castellà | ||
| 600 | 0 |
_aFerri, Llibert _94675 |
|
| 610 | 2 | 7 |
_aUnió Europea _zCatalunya. _2lemac |
| 700 |
_94835 _aTrillas, Ariadna |
||
| 710 | 2 | _aAssociació de Periodistes Europeus de Catalunya. | |
| 856 |
_uhttp://www.apec.cat/wp-content/uploads/2022/12/LLIBRE-Llibert-Ferri-web.pdf _zAccés en línia |
||
| 907 |
_a.b37546296 _b16-02-21 _c12-05-08 _d07-05-08 _em _fa _g- _hcat _ispc _j0 _k1 |
||
| 908 | _aBC | ||
| 940 | _aBC | ||
| 942 |
_2udc _cFULLET |
||